Immigration to Australia by Country - Statistics

General Stats
  • This quiz has been taken 83 times
  • The average score is 15 of 20
Answer Stats
Population (2024) Country % Correct
1,082,000 United Kingdom
99%
1,391,000 China
97%
784,000 India
97%
110,000 United States
96%
530,000 New Zealand
90%
108,000 Germany
87%
409,000 Philippines
87%
335,000 Vietnam
87%
171,000 Italy
79%
136,000 South Korea
79%
425,000 Greece
77%
200,000 South Africa
76%
174,000 Malaysia
70%
132,000 Sri Lanka
63%
150,000 Turkey
63%
207,000 Myanmar
56%
209,000 Poland
54%
248,000 Lebanon
48%
138,000 Nepal
48%
164,000 Croatia
44%
No matching quizzes found
Score Distribution
Percent of People with Each Score
Percentile by Number Answered
Your Score History
You have not taken this quiz